THE MATHEMATICAL TRVELLER (Record no. 6702)
[ view plain ]
| 000 -LEADER | |
|---|---|
| fixed length control field | 00569nam a22001457a 4500 |
| 020 ## - INTERNATIONAL STANDARD BOOK NUMBER | |
| ISBN | 81-7649-8232-7 |
| 082 ## - DEWEY DECIMAL CLASSIFICATION NUMBER | |
| Classification number | COI |
| Item number | CLA |
| 100 ## - MAIN ENTRY--AUTHOR NAME | |
| Personal name | CLAWSON |
| 245 ## - TITLE STATEMENT | |
| Title | THE MATHEMATICAL TRVELLER |
| 260 ## - PUBLICATION, DISTRIBUTION, ETC. (IMPRINT) | |
| Place of publication | NEW DELHI |
| Name of publisher | VIVA BOOKS PRIVATE LIMITED |
| Year of publication | 2004 |
| 300 ## - PHYSICAL DESCRIPTION | |
| Number of Pages | 307 |
| 520 ## - SUMMARY, ETC. | |
| Summary, etc | More than just an overview of the history of numbers, The Mathematical Traveler explores how the understanding of mathematics helped humanity to create the underpinnings of art, technology, economics, and science that shaped the world we live in today. |
| 650 ## - SUBJECT ADDED ENTRY--TOPICAL TERM | |
| Topical Term | REFERENCE |
| 942 ## - ADDED ENTRY ELEMENTS (KOHA) | |
| Koha item type | Books |
| Withdrawn status | Lost status | Collection code | Home library | Current library | Shelving location | Date acquired | Source of acquisition | Cost, normal purchase price | Full call number | Accession Number | Koha item type |
|---|---|---|---|---|---|---|---|---|---|---|---|
| Fiction | Main Library | Main Library | SHELF-17C--MATHS RELATED QUIZ BOOK | 10/10/2006 | Purchase | 295.00 | COI CLA | 02831 | Books |